000 00513nam a2200169Ia 4500
003 OSt
005 20200728123330.0
008 190216s9999||||xx |||||||||||||| ||und||
040 _coclc
082 _a515.15
_bTHO/C
100 _a Thomas, George B
_93823
245 0 _aCalculus And Analytic Geometry /
_cGeorge B Thomas ; Ross L Finney
250 _a6th Ed.
260 _bNarosa Publishing,
_c1985.
_aNew Delhi:
650 _aMathematics
942 _cBK
_2ddc
_h515.15
_iTHO/C
_k515.15
_mTHO/C
999 _c31317
_d31317